| 000 | 00794 a2200217 4500 | ||
|---|---|---|---|
| 003 | Nust | ||
| 005 | 20221020172359.0 | ||
| 010 | _a 85022805 | ||
| 020 | _a0471878286 : | ||
| 040 | _cNust | ||
| 082 | 0 | 0 | _a620.0068,HAN |
| 245 | 0 | 0 |
_aHandbook of engineering management / _cJohn E. Ullmann, editor, Donald A. Christman, Bert Holtje, associate editors. |
| 260 |
_aNew York : _bWiley, _cc1986. |
||
| 300 |
_axvi, 848 p. : _bill. ; _c23 cm. |
||
| 505 | _aThe Engineering as Manager (Page-1), Organizing to Manage Effectively (Page-109), The Engineering as Manager (Page-409), Managing your Career (Page-713). | ||
| 650 | 0 |
_aEngineering _xManagement. |
|
| 700 | 1 |
_aChristman, Donald A. _9101041 |
|
| 700 | 1 |
_aHoltje, Herbert. _9101042 |
|
| 700 | 1 |
_aUllmann, John E. _9101043 |
|
| 942 |
_2ddc _cBK |
||
| 999 |
_c182821 _d182821 |
||